Statistics for The Wizard of Oz Quiz

Click here to take the quiz!

General Stats

  • This quiz has been taken 1,017 times
  • The average score is 11 of 14

Answer Stats

HintAnswer% Correct
What does the Tin Woodman want?A heart.
96%
What colour are Dorothy's slippers?Ruby red/silver.
96%
What does the Scarecrow want?A brain.
95%
What does the Cowardly Lion want?Courage.
94%
Where does Dorothy end up?Oz.
93%
Where does Dorothy want to go?Home.
92%
What is Dorothy's dog's name?Toto.
92%
How many witches are there?Four
87%
How does she get there?Her house was picked up by a tornado.
87%
How does Dorothy (spoiler) kill the Wicked Witch of the West?By melting her with a bucket of water.
82%
What is Dorothy's last name?Gale
77%
Who does Dorothy get said slippers from?The Wicked Witch of the East.
50%
What does Dorothy call the Wizard?A humbug.
19%
What do the Wizard's initials spell out?O. Z. P. I. N. H. E. A. D
6%

Score Distribution

Percentile by Number Answered

Percent of People with Each Score

Your Score History

You have not taken this quiz